Zahraničný obchod Ruskej federácie bakalárska práca

Gespeichert in:
Bibliographische Detailangaben
1. Verfasser: Pavelčaková, Romana
Körperschaft: Fakulta medzinárodných vzťahov EU. Katedra medzinárodných ekonomických vzťahov a hospodárskej diplomacie
Weitere Verfasser: Raneta, Leonid, 1982-
Format: Buch
Sprache:Slowakisch
Veröffentlicht: Bratislava 2016
Tags: Tag hinzufügen
Keine Tags, Fügen Sie das erste Tag hinzu!

MARC

LEADER 00000nbm a2200000 4500
001 0221481
005 20170209105641.6
041 0 |a slo 
044 |a SK 
245 1 0 |a Zahraničný obchod Ruskej federácie  |b bakalárska práca  |c Romana Pavelčaková ; školiteľ: Leonid Raneta 
264 1 |a Bratislava  |c 2016 
300 |a 51 s. 
100 1 |a Pavelčaková, Romana 
700 1 |a Raneta, Leonid, 1982- 
710 2 |a Fakulta medzinárodných vzťahov EU. Katedra medzinárodných ekonomických vzťahov a hospodárskej diplomacie